El lenguaje de la inquietud /

Estudio por la pregunta de la filosofía que el autor responde no explicando qué es, sino mediante la interrogación que hace al modo de pensar y construir filosofía de Martin Heidegger, Michel Foucault, Jacques Derrida, Pierre Klossowski y Eduard Nicol.

Gorde:
Xehetasun bibliografikoak
Egile nagusia: Constante, Alberto (autor)
Formatua: Liburua
Hizkuntza:gaztelania
Argitaratua: México : Monosílabo, 2018, c2018
Gaiak:
Etiketak: Etiketa erantsi
Etiketarik gabe, Izan zaitez lehena erregistro honi etiketa jartzen!

MARC

LEADER 00000nam^a2200000^a^4500
001 000418961
005 20250521000000.0
009 20260310122431.577
020 |a 978-607-97949-4-1 
037 |a Acervo ITESO - Biblioteca 
041 |a ESP 
082 |a 101.  |b CON 
100 |a Constante, Alberto  |e (autor) 
245 1 3 |a El lenguaje de la inquietud /  |c A. Constante. 
264 4 |a México :  |b Monosílabo,  |c 2018, c2018 
300 |a 187 p. 
336 |a texto  |b txt  |2 rdacontenido 
337 |a sin mediación  |b n  |2 rdamedio 
338 |a volumen  |b nc  |2 rdasoporte 
520 |a Estudio por la pregunta de la filosofía que el autor responde no explicando qué es, sino mediante la interrogación que hace al modo de pensar y construir filosofía de Martin Heidegger, Michel Foucault, Jacques Derrida, Pierre Klossowski y Eduard Nicol. 
521 |a FIL 2019 DIA 
649 |a XX 
650 |a Ser (Filosofía) 
650 |a Verdad 
650 |a Razón 
650 |a Justicia e Injusticia -  |x Filosofía 
650 |a Hermenéutica 
650 |a Biopolítica 
650 |a Antropología Filosófica 
650 |a Fenomenología -  |x Historia y Crítica 
650 |a Estructuralismo y Postestructuralismo -  |x Historia y Crítica 
650 |a Filosofía del Lenguaje -  |x Historia y Crítica 
650 |a Filosofía del Siglo XX -  |x Historia y Crítica 
650 |a Filosofía -  |x Historia y Crítica -  |x Tema Principal 
650 |a Filosofía Alemana -  |x Historia y Crítica 
650 |a Filosofía Francesa -  |x Historia y Crítica 
650 |a Filosofía Mexicana -  |x Historia y Crítica 
650 |a Heidegger, Martin 
650 |a Foucault, Michel 
650 |a Derrida, Jacques 
650 |a Klossowski, Pierre 
910 |a Fondo General 
920 |a Impresos - Libros 
930 |a Colección General 
905 |a 101 
901 |a 0500329488  |b IT1  |c ACC  |i C169617  |u 20250521 
902 |a https://opac.biblio.iteso.mx/vufind/Record/000418961